[Event "Steinfurt Bezirksklasse 1415"]
[Site "Germany"]
[Date "2014.11.22"]
[Round "3.3"]
[White "Niering, Bernhard"]
[Black "Zilske, Jan Niklas"]
[Result "1/2-1/2"]
[WhiteElo "1286"]
[BlackElo "1492"]
[PlyCount "49"]
[EventDate "2014.09.20"]
[EventType "team-tourn"]
[EventRounds "9"]
[EventCountry "GER"]
[SourceTitle "EXT 2016"]
[Source "ChessBase"]
[SourceDate "2015.10.08"]
[SourceVersion "1"]
[SourceVersionDate "2015.10.08"]
[SourceQuality "1"]
[WhiteTeam "Steinfurt IV"]
[BlackTeam "Reckenfeld II"]
[WhiteTeamCountry "GER"]
[BlackTeamCountry "GER"]

1. d4 d5 2. e3 Nf6 3. Nf3 a6 4. Bd3 e6 5. Nbd2 c5 6. c3 cxd4 7. exd4 g6 8. 0-0 Bg7 9. Re1 0-0 10. Nf1 b5 11. a3 Nc6 12. Ng3 Nd7 13. Bf4 Re8 14. Qd2 e5 15. dxe5 Ndxe5 16. Nxe5 Nxe5 17. Bxe5 Rxe5 18. Rxe5 Bxe5 19. Re1 Bxg3 20. hxg3 Be6 21. Bc2 Qb6 22. Kh2 Rd8 23. Bb3 f5 24. Qe2 Bf7 25. Qd2 1/2-1/2

[Event "Steinfurt Bezirksklasse 1213"]
[Site "Germany"]
[Date "2013.04.27"]
[Round "8.4"]
[White "Stroot, Helmut"]
[Black "Niering, Bernhard"]
[Result "1-0"]
[WhiteElo "1357"]
[BlackElo "1263"]
[PlyCount "63"]
[EventDate "2012.09.29"]
[EventType "team-tourn"]
[EventRounds "9"]
[EventCountry "GER"]
[SourceTitle "EXT 2015"]
[Source "ChessBase"]
[SourceDate "2014.11.20"]
[SourceVersion "1"]
[SourceVersionDate "2014.11.20"]
[SourceQuality "1"]
[WhiteTeam "Rheine CC"]
[BlackTeam "Steinfurt III"]
[WhiteTeamCountry "GER"]
[BlackTeamCountry "GER"]

1. d4 d5 2. Bf4 e6 3. e3 a6 4. Nf3 Be7 5. Bd3 Nf6 6. Nbd2 Nc6 7. c3 Nh5 8. Ne5 Nxf4 9. exf4 Bf6 10. Ndf3 Bd7 11. Qc2 g6 12. g4 Qe7 13. Nxc6 Bxc6 14. g5 Bg7 15. 0-0-0 Qd6 16. Rde1 Qxf4+ 17. Kb1 Qd6 18. h4 0-0-0 19. h5 gxh5 20. Rxh5 f5 21. gxf6 Bxf6 22. Rxh7 Rxh7 23. Bxh7 Bd7 24. Ne5 Bxe5 25. Rxe5 Rh8 26. a3 Qe7 27. Bf5 Qf6 28. Bg4 Rh2 29. Re2 Bb5 30. Rxe6 Rh1+ 31. Re1+ Bd7 32. Bxd7+ 1-0

[Event "Steinfurt Bezirksklasse 1213"]
[Site "Germany"]
[Date "2012.11.03"]
[Round "2.5"]
[White "Muhmann, Reinhard"]
[Black "Niering, Bernhard"]
[Result "0-1"]
[WhiteElo "1480"]
[BlackElo "1263"]
[PlyCount "66"]
[EventDate "2012.09.29"]
[EventType "team-tourn"]
[EventRounds "9"]
[EventCountry "GER"]
[SourceTitle "EXT 2015"]
[Source "ChessBase"]
[SourceDate "2014.11.20"]
[SourceVersion "1"]
[SourceVersionDate "2014.11.20"]
[SourceQuality "1"]
[WhiteTeam "Emsdetten Rochade III"]
[BlackTeam "Steinfurt III"]
[WhiteTeamCountry "GER"]
[BlackTeamCountry "GER"]

1. d4 Nf6 2. Nf3 d6 3. Bg5 Bf5 4. e3 Nbd7 5. c4 h6 6. Bh4 e6 7. Nc3 c6 8. Bd3 Bxd3 9. Qxd3 Be7 10. 0-0 0-0 11. Rfe1 a6 12. b3 b5 13. Rab1 Qa5 14. Qc2 Rfc8 15. b4 Qc7 16. Nd2 Nb6 17. Qb3 a5 18. a3 bxc4 19. Nxc4 Nxc4 20. Qxc4 Nd5 21. Nxd5 exd5 22. Qd3 Bxh4 23. Rec1 Qb6 24. g3 Bf6 25. Qf5 Rd8 26. g4 a4 27. f4 Re8 28. Kf2 Bh4+ 29. Kf3 g6 30. Qd7 Qb5 31. Qxc6 Qd3 32. Qc3 Rxe3+ 33. Kg2 Qe2+ 0-1

[Event "Steinfurt Bezirksklasse 0809"]
[Site "Germany"]
[Date "2009.03.07"]
[Round "5.4"]
[White "Niering, Bernhard"]
[Black "Roos, Bastian"]
[Result "0-1"]
[WhiteElo "1268"]
[BlackElo "1329"]
[PlyCount "108"]
[EventDate "2008.09.13"]
[EventType "team-tourn"]
[EventRounds "7"]
[EventCountry "GER"]
[SourceTitle "EXT 2010"]
[Source "ChessBase"]
[SourceDate "2010.11.25"]
[SourceVersion "1"]
[SourceVersionDate "2010.11.25"]
[SourceQuality "1"]
[WhiteTeam "Steinfurt IV"]
[BlackTeam "Saerbeck III"]
[WhiteTeamCountry "GER"]
[BlackTeamCountry "GER"]

1. d4 Nf6 2. e3 d5 3. Bd3 g6 4. f4 Bg4 5. Ne2 Nbd7 6. h3 Bf5 7. Nd2 Rc8 8. Bxf5 gxf5 9. Nc3 Rg8 10. Rg1 e6 11. Nf3 Bb4 12. Bd2 Bxc3 13. Bxc3 Ne4 14. Qe2 a6 15. Bd2 c5 16. g4 cxd4 17. Nxd4 Qh4+ 18. Kd1 Qxh3 19. g5 Qh4 20. Be1 Qh3 21. c3 Ndc5 22. Kc2 h6 23. Rg2 hxg5 24. b4 Na4 25. Rh2 Qg4 26. Rg2 Qxe2+ 27. Nxe2 g4 28. Kd3 Kd7 29. Rb1 Rc7 30. b5 Rgc8 31. bxa6 bxa6 32. Rb4 Naxc3 33. Bxc3 Nxc3 34. Rb6 Nxe2 35. Rxe2 Rc3+ 36. Kd4 f6 37. Rb4 Ra3 38. Rb3 Rc4+ 39. Kd3 Rxb3+ 40. axb3 Rb4 41. Kc3 a5 42. Ra2 Rb5 43. Rh2 e5 44. fxe5 fxe5 45. Rh6 f4 46. exf4 exf4 47. Rh4 Ke6 48. Rxg4 Kf5 49. Rg8 Rb6 50. Rf8+ Rf6 51. Ra8 f3 52. Kd2 Re6 53. Rxa5 f2 54. Ra1 Kf4 0-1

[Event "Steinfurt Bezirksliga 0708"]
[Site "Germany"]
[Date "2008.01.19"]
[Round "5.7"]
[White "Schellmann, Mareike"]
[Black "Niering, Bernhard"]
[Result "1-0"]
[WhiteElo "1601"]
[BlackElo "1214"]
[PlyCount "63"]
[EventDate "2007.09.22"]
[EventType "team-tourn"]
[EventRounds "9"]
[EventCountry "GER"]
[SourceTitle "EXT 2009"]
[Source "ChessBase"]
[SourceDate "2008.11.26"]
[SourceVersion "1"]
[SourceVersionDate "2008.11.26"]
[SourceQuality "1"]
[WhiteTeam "Emsdetten Rochade II"]
[BlackTeam "Steinfurt III"]
[WhiteTeamCountry "GER"]
[BlackTeamCountry "GER"]

1. e4 c5 2. Nf3 Nc6 3. d4 cxd4 4. Nxd4 e6 5. Nb3 Be7 6. Nc3 b6 7. Bf4 a6 8. g3 Bb7 9. Bg2 Bb4 10. Qd3 Rc8 11. 0-0 Nge7 12. a3 Bxc3 13. Qxc3 Na5 14. Qd3 Nc4 15. Rab1 0-0 16. Rfd1 Ng6 17. Qxd7 Nxf4 18. Qxb7 Qc7 19. Qxc7 Ne2+ 20. Kf1 Rxc7 21. Kxe2 Ne5 22. Nd4 Ng6 23. Rd2 Re8 24. f3 Rec8 25. c3 h5 26. Rbd1 h4 27. f4 Rc5 28. Nf3 hxg3 29. hxg3 a5 30. Rd8+ Rxd8 31. Rxd8+ Kh7 32. Ng5+ 1-0